00739nam a22001817a 4500003000900000008004100009040007100050082002700121100003300148245005300181260003900234300004400273505018100317650001000498650002200508650000800530650001900538AR-CdUCM190404b ||||| |||| 00| 0 spa d aMUNICIPALIDAD PROVINCIAL DEL CUSCOcBIBLIOTECA MUNICIPAL DEL CUSCO a985.611 /bUC15 / 1957 aUceda Castañeda, Carlos E. aLey Prado :bClave del resurgimiento del Cuzco / aLima :bEdiciones C.E.U.C.,c1957. a119 páginas ;bfotografías,c24 cm. aContenido: El descentralismo en acción -- La ley Manuél Prado -- El Cuzco ha ganado una gran batalla -- Bienvenida en el aeropuerto -- Imponente concentración popular ... aCuzco aHistoria, 1945-56 aLey aManuél Prado